UBT Library

IT leadership alchemy / (Record no. 43743)

000 -LEADER
fixed length control field 00735cam a22002414a 4500
001 - CONTROL NUMBER
control field 12869511
005 - DATE AND TIME OF LATEST TRANSACTION
control field 20180301032516.0
008 - FIXED-LENGTH DATA ELEMENTS--GENERAL INFORMATION
fixed length control field 020725s2002 njua b 001 0 eng
010 ## - LIBRARY OF CONGRESS CONTROL NUMBER
LC control number 2002029023
020 ## - INTERNATIONAL STANDARD BOOK NUMBER
International Standard Book Number 013009403X (pbk.)
040 ## - CATALOGING SOURCE
Original cataloging agency DLC
Transcribing agency DLC
Modifying agency DLC
041 ## - LANGUAGE CODE
Language code of text/sound track or separate title eng
042 ## - AUTHENTICATION CODE
Authentication code pcc
080 ## - UNIVERSAL DECIMAL CLASSIFICATION NUMBER
Universal Decimal Classification number 004/.0684 LOU
082 00 - DEWEY DECIMAL CLASSIFICATION NUMBER
Classification number 004/.0684 LOU
Edition number 21
100 1# - Rafti
Rafti 35
101 ## - Shkurtesa
Shkurtesa SHK
245 10 - TITLE STATEMENT
Title IT leadership alchemy /
Statement of responsibility, etc Lou Russell, Jeff Feldman.
504 ## - BIBLIOGRAPHY, ETC. NOTE
Bibliography, etc Includes bibliographical references (p. 239-241) and index.
906 ## - LOCAL DATA ELEMENT F, LDF (RLIN)
a 7
b cbc
c orignew
d 1
e ocip
f 20
g y-gencatlg
942 ## - ADDED ENTRY ELEMENTS (KOHA)
Source of classification or shelving scheme
Item type Books
Holdings
Withdrawn status Lost status Source of classification or shelving scheme Damaged status Not for loan Collection code Permanent location Current location Shelving location Date acquired Total Checkouts Full call number Barcode Date last seen Price effective from Koha item type
          Koleksioni i përgjithshem UBT - Lipjan UBT - Lipjan Koleksioni i përgjithshem 03/01/2018   004/.0684 LOU 002-3000213 03/01/2018 03/01/2018 Books
          Koleksioni i përgjithshem UBT - Lipjan UBT - Lipjan Koleksioni i përgjithshem 03/01/2018   004/.0684 LOU 002-3000218 03/01/2018 03/01/2018 Books
UBT Library © 2015-2024. All rights reserved University Education for Business and Technology